Customs PDK gazette for AJCEP- Malaysia [2009-2018].
| Format: | Book |
|---|---|
| Published: |
[S.I]:
[s.n],
[2009].
|
| Subjects: |
| LEADER | 00487cam a2200145 7i4500 | ||
|---|---|---|---|
| 001 | 0000027107 | ||
| 005 | 20111021090000.0 | ||
| 090 | 0 | 0 | |a T 382.7 |b CUS (M) |
| 245 | 0 | 0 | |a Customs PDK gazette for AJCEP- Malaysia [2009-2018]. |
| 260 | 0 | 0 | |a [S.I]: |b [s.n], |c [2009]. |
| 300 | # | # | |a [v.p]. |
| 650 | 0 | 0 | |a Tariff -- |z Malaysia |
| 650 | 0 | 0 | |a Tariff -- |x ASEAN- Japan Comprehansive Economic Partnership (AJCEP) Free Trade Agreement |
| 651 | 0 | 0 | |a Malaysia |
| 999 | |a 0000029422 |b Book |c Tariffs |e Business Information Centre | ||